<?xml version="1.0" encoding="UTF-8"?><?xml-stylesheet type="text/xsl" href="static/style.xsl"?><OAI-PMH xmlns="http://www.openarchives.org/OAI/2.0/" xmlns:xsi="http://www.w3.org/2001/XMLSchema-instance" xsi:schemaLocation="http://www.openarchives.org/OAI/2.0/ http://www.openarchives.org/OAI/2.0/OAI-PMH.xsd"><responseDate>2026-04-14T19:19:52Z</responseDate><request verb="GetRecord" identifier="oai:uvadoc.uva.es:10324/433" metadataPrefix="marc">https://uvadoc.uva.es/oai/request</request><GetRecord><record><header><identifier>oai:uvadoc.uva.es:10324/433</identifier><datestamp>2022-03-01T12:58:53Z</datestamp><setSpec>com_10324_150</setSpec><setSpec>col_10324_151</setSpec></header><metadata><record xmlns="http://www.loc.gov/MARC21/slim" xmlns:doc="http://www.lyncode.com/xoai" xmlns:xsi="http://www.w3.org/2001/XMLSchema-instance" xmlns:dcterms="http://purl.org/dc/terms/" xsi:schemaLocation="http://www.loc.gov/MARC21/slim http://www.loc.gov/standards/marcxml/schema/MARC21slim.xsd">
<leader>00925njm 22002777a 4500</leader>
<datafield tag="042" ind1=" " ind2=" ">
<subfield code="a">dc</subfield>
</datafield>
<datafield tag="720" ind1=" " ind2=" ">
<subfield code="a">[s.n.]</subfield>
<subfield code="e">author</subfield>
</datafield>
<datafield tag="024" ind2=" " ind1="8">
<subfield code="a">Alonso-Cortés, 275</subfield>
</datafield>
<datafield tag="024" ind2=" " ind1="8">
<subfield code="a">Rivera, 240</subfield>
</datafield>
<datafield tag="024" ind2=" " ind1="8">
<subfield code="a">Olim., 46</subfield>
</datafield>
<datafield tag="024" ind2=" " ind1="8">
<subfield code="a">http://uvadoc.uva.es/handle/10324/433</subfield>
</datafield>
<datafield tag="024" ind2=" " ind1="8">
<subfield code="a">b1513673</subfield>
</datafield>
<datafield tag="024" ind2=" " ind1="8">
<subfield code="a">U/Bc Ms 275</subfield>
</datafield>
<datafield ind1=" " ind2=" " tag="653">
<subfield code="a">España. Concordatos, etc. Iglesia Católica, 1753 - Fuentes</subfield>
</datafield>
<datafield ind1=" " ind2=" " tag="653">
<subfield code="a">Iglesia Católica. Concordatos, etc. - España - 1753 - Fuentes</subfield>
</datafield>
<datafield ind1=" " ind2=" " tag="653">
<subfield code="a">Catedral de Palencia (España) - Historia - Siglo XVIII - Fuentes</subfield>
</datafield>
<datafield ind1=" " ind2=" " tag="653">
<subfield code="a">Catedral de Mondoñedo (Lugo, España) - Historia - Siglo XVIII - Fuentes</subfield>
</datafield>
<datafield ind1=" " ind2=" " tag="653">
<subfield code="a">Obispos - Nominación y elección - España - Siglo XVIII</subfield>
</datafield>
<datafield tag="245" ind1="0" ind2="0">
<subfield code="a">[Real Patronato y Concordato] [Manuscrito]</subfield>
</datafield>
</record></metadata></record></GetRecord></OAI-PMH>